=LDR 00000nam 2200000 4500 =001 INLIS000000000046052 =005 20161215114447.0 =006 =007 =008 =020 ##$$a 978-979-788-266-2 =035 ##$$0010-021500000000613 =040 ##$$a NBPDMAT =082 ##$$a 378.16 =090 ##$$a 378.16 Mem m =100 ##$$a Tim Sukses =245 ##$$a Membuka Tabel Rahasia Ujian Saingan Masuk STAN ( Sekolah Tinggi Akuntasi Negara ) $c Oleh Tim Sukses; Editor, Adi Setiawan =250 ##$$a Cet.1 =260 ##$$a Jakarta $b Cerdas Interaktif $c 2011 =300 ##$$a iv, 188 hlm. : $b ilus. ; $c 28 cm. =650 ##$$a STAN ( Perguruan Tinggi ) - Syarat Masuk =850 ##$$a NBPDMAT